00734cam a22001811 4500082001600000100003300016245009300049250001200142260005700154300007100211526003700282650001300319650003700332700003800369942001200407999001900419952011400438 a940.41bHAM1 aHamley, Edward Bruce,94931114aThe operations of war explained and illustrated,cby General Sir Edward Bruce Hamley ... aNew ed. aEdinburgh and London,bW. Blackwood and sons,c1914. axix, [1], 425, [1] p.billus., 18 fold. maps (6 in pocket)c26 cm. a0b0c0d940_410000000000000_HAM 0aMCE9379 0aMilitary art and science.9379141 aKiggell, Launcelot Edward,950272 2ddccBK c552996d552996 00102ddc4070aMCEbMCEcArchive Sectiond2015-01-28l0o940.41 HAMpMCE-ECO/43r2015-01-28w2015-01-28yBK